[Event "Chess House GM-Tourney 2019"]
[Site "Aarhus"]
[Date "2019.02.12"]
[Round "4.5"]
[White "Bach, Matthias"]
[Black "Kotronias, Vasilios"]
[Result "1/2-1/2"]
[WhiteElo "2307"]
[BlackElo "2486"]
[Annotator "TA"]
[PlyCount "69"]
[EventDate "2019.02.09"]
[EventType "tourn"]
[EventCountry "DEN"]
[SourceTitle "playchess.com"]
[Source "ChessBase"]
[SourceQuality "1"]

{[%evp 27,69,-18,-2,-15,36,29,29,29,29,29,33,30,62,62,46,58,43,30,30,37,42,41,106,83,88,34,38,70,45,44,92,34,57,45,66,51,105,103,101,61,71,0,96,0]} 1. d4 Nf6 2. c4 g6 3. Nc3 Bg7 4. e4 d6 5. f4 O-O 6. Nf3 c5 7. d5 e6 8. Be2 exd5 9. cxd5 Nbd7 10. O-O Re8 11. Nd2 c4 12. Kh1 Nc5 13. e5 dxe5 14. Nxc4 {A69: Modern Benoni: Four Pawns Attack with 9...Re8} (14. fxe5 Rxe5 15. Nxc4 Re8 16. Bg5 h6 17. Bxf6 Bxf6 18. Nb5 a6 19. Nbd6 Rf8 20. b4 Na4 21. Rc1 Nc3 22. Qd2 b5 23. Rxc3 bxc4 {1-0 (74) Jobava,B (2696)-Radjabov,T (2757) Novi Sad 2009}) 14... e4 {[#] LiveBook: 9 Games} 15. Ne5 $146 ({Predecessor:} 15. Be3 Nd3 16. Bxd3 exd3 17. Qxd3 Bf5 18. Qd2 b5 19. Nxb5 Ne4 20. Qd1 Rc8 21. Rc1 Qd7 {½-½ (31) Naumkin,I (2506)-Safarli,E (2568) Hoogeveen 2008}) 15... Nfd7 (15... Nd3 $11) 16. Be3 $14 {White is slightly better.} Nxe5 17. Bxc5 Nd3 18. Bxd3 exd3 19. Qxd3 b6 20. Bd4 Ba6 21. Qxa6 Bxd4 22. Rad1 Bxc3 23. bxc3 Qd6 24. f5 g5 {[#]} (24... Re3 $14) 25. Qd3 $1 $16 Re5 26. Rfe1 ({White should try} 26. f6 $16) 26... Rae8 $14 27. Rxe5 Rxe5 {[%mdl 4096] Endgame KQR-KQR} 28. c4 Re8 29. Qd2 (29. h3 $16) 29... h6 30. h3 $36 {[%mdl 2048] White is more active.} Re4 31. Qd3 Re8 (31... Rf4 $1 $14) 32. a4 a5 33. Qd2 Re4 34. Qd3 Re8 35. Qd2 {Precision: White = 58%, Black = 34%.} ({White should play} 35. Rf1 $16) 1/2-1/2

[Event "Chess House GM-Tourney 2019"]
[Site "Aarhus"]
[Date "2019.02.13"]
[Round "5.1"]
[White "Bjerre, Jonas Buhl"]
[Black "Fries-Nielsen, Jens Ove"]
[Result "1-0"]
[WhiteElo "2432"]
[BlackElo "2371"]
[Annotator "TA"]
[PlyCount "143"]
[EventDate "2019.02.09"]
[EventType "tourn"]
[EventCountry "DEN"]
[SourceTitle "playchess.com"]
[Source "ChessBase"]
[SourceQuality "1"]

{[%evp 16,143,22,9,40,29,68,60,77,59,48,62,68,58,65,73,48,0,0,0,31,30,33,33,36,32,31,55,49,11,73,53,77,43,33,27,47,66,52,27,22,0,0,0,0,0,0,0,0,-119,-117,-118,-116,-105,1,1,1,1,1,1,16,10,59,7,53,45,46,28,87,22,22,22,22,23,22,22,58,67,102,80,143,22,22,22,22,22,22,27,33,41,227,227,233,233,247,261,3824,2418,1907,1627,1341,616,29960,29962,29960,29961,29961,29962,29961,29964,29965,29965,29965,29966,29962,29958,29958,29956,29973,29975,29975,29977,29977,29978,29978,29979,29979,29980,29981,29982]} 1. e4 g6 2. d4 Bg7 3. Nc3 c6 4. Nf3 d5 5. h3 dxe4 6. Nxe4 Nf6 7. Nxf6+ exf6 8. Bc4 O-O 9. O-O Qd6 $146 {B15: Caro-Kann: 3 Nc3: 3...g6 and 3...dxe4 4 Nxe4 Nf6 5 Nxf6+ exf6} (9... a5 10. a4 Nd7 11. Bf4 Nb6 12. Bb3 Nd5 13. Bh2 Be6 14. Re1 Re8 15. Nd2 f5 16. Nc4 f4 17. c3 {0-1 (42) Lu,S (2630)-Wei,Y (2734) Tianjin 2018}) 10. Re1 a5 11. a4 Be6 {White is slightly better.} 12. b3 {Ba3 is the strong threat.} Re8 13. Ba3 Qc7 14. Re3 Na6 15. Qe1 {[%cal Rc4e6]} Bd7 16. Rd1 Rxe3 17. Qxe3 Re8 18. Qd2 b5 19. axb5 cxb5 20. Bd3 b4 21. Bb2 Qb6 22. Bc4 Nc7 (22... Bb5 $11) 23. d5 $16 Qd6 24. Ra1 Ra8 $1 25. Qd4 Nb5 26. Bxb5 Bxb5 27. Nd2 (27. c4 $5 {[%cal Rc4b5]} bxc3 28. Bxc3 $14) 27... Qe5 28. d6 Qxd4 29. Bxd4 f5 30. Nf3 Bf8 31. Bc5 Rc8 32. Rxa5 (32. Be3 $11) 32... Rxc5 $17 33. Nd4 Rd5 $1 {[%cal Rd5d4]} 34. Nxb5 {[%mdl 4096] Endgame KRB-KRN} Rd1+ (34... Bxd6 $17 {[%cal Rd5d1]} 35. Ra8+ Bf8) 35. Kh2 $11 Bxd6+ 36. Nxd6 Rxd6 {KR-KR} 37. Rc5 f4 38. Rc4 Rd2 39. Rxb4 (39. Rxf4 $14 Rxc2 40. f3 (40. Rxb4 Rxf2 41. Kg3 Rb2 $11)) 39... Rxc2 40. Rxf4 Rb2 41. b4 g5 (41... Kg7 $11 {keeps the balance.}) 42. Rg4 ({Better is} 42. Rf5 $16) 42... h6 43. Kg3 Rb3+ 44. f3 Rb2 45. h4 Kf8 46. Rc4 Kg7 47. Kh3 f5 {[#]} (47... Kg6 $142) 48. hxg5 (48. h5 $1 $16) 48... hxg5 49. Rc7+ Kf6 50. Rb7 Kg6 51. Rb6+ Kg7 52. b5 {[%cal Bb4b5,Bb5b6,Bb6b7][%mdl 32]} Kh7 $2 ({Black should play} 52... Kf7 $14) 53. Rb8 $18 Kg7 54. b6 Kf7 55. Kh2 Rb1 $2 (55... f4 56. b7 Kg7) 56. b7 Kg7 57. g3 Rb2+ 58. Kg1 f4 59. g4 {White mates.} Kh7 60. Kf1 Kg7 61. Ke1 Rb6 62. Kd2 Rb5 63. Kd3 Rb1 64. Kd4 Rb2 65. Kd5 Rd2+ 66. Ke6 Rb2 67. Rd8 Rxb7 {[#]} 68. Rd7+ $1 Rxd7 69. Kxd7 Kf7 70. Kd6 Kf6 71. Kd5 Kg6 72. Ke5 {Accuracy: White = 66%, Black = 35%.} 1-0

[Event "Chess House GM-Tourney 2019"]
[Site "Aarhus"]
[Date "2019.02.13"]
[Round "5.2"]
[White "Ochsner, Bjorn Moller"]
[Black "Grivas, Efstratios"]
[Result "1-0"]
[WhiteElo "2476"]
[BlackElo "2413"]
[Annotator "TA"]
[PlyCount "95"]
[EventDate "2019.02.09"]
[EventType "tourn"]
[EventCountry "DEN"]
[SourceTitle "playchess.com"]
[Source "ChessBase"]
[SourceQuality "1"]

{[%evp 16,95,26,20,29,38,41,31,39,37,45,40,41,38,37,31,34,31,65,47,83,84,75,70,69,52,290,287,293,277,329,331,324,325,377,264,276,259,281,172,364,364,365,350,350,285,391,391,468,444,380,358,356,232,208,215,204,197,370,378,412,268,29970,29971,29973,29973,29974,29974,29975,29976,29977,29978,29978,29979,29981,29981,29982,29983,29984,29985,29985,29986]} 1. e4 c5 2. Nf3 Nc6 3. Bb5 d6 4. O-O Bd7 5. Re1 Nf6 6. c3 a6 7. Bf1 Bg4 8. d4 cxd4 9. cxd4 e5 {B51: Sicilian: Moscow Variation (3 Bb5+) without 3...Bd7} 10. d5 Nd4 11. Be3 Nxf3+ {White is slightly better.} 12. gxf3 Bc8 (12... Bd7 13. a4 Be7 14. Qb3 O-O 15. Na3 Nh5 16. Nc4 f5 17. Nxe5 dxe5 {½-½ (52) Kryvoruchko,Y (2689)-Andriasian,Z (2585) Riadh 2017}) 13. Nd2 Be7 14. Nc4 {Bb6 is the strong threat.} Nd7 15. a4 O-O 16. Qc2 $146 ({Predecessor:} 16. f4 exf4 17. Bxf4 {1-0 (28) Bobykin,K (2392)-Folk Gilsanz,J (2371) ICCF email 2014}) 16... Qe8 17. f4 $36 {[%mdl 2048] White is pushing.} f5 18. exf5 Qh5 19. Bg2 Nf6 20. fxe5 dxe5 $2 (20... Bxf5 $14 21. Qd1 Ng4) 21. d6 $18 (21. Nxe5 Bd6 $14) 21... Bd8 22. Nxe5 Bxf5 23. Qd1 Qxd1 24. Rexd1 ({Don't take} 24. Raxd1 Ba5 $18) 24... Be4 25. Bxe4 Nxe4 26. Rd4 Nf6 27. Rb4 Nd5 $2 (27... Re8) 28. Rxb7 Nxe3 29. fxe3 Bg5 30. Nc4 Rae8 31. Rf1 Bxe3+ 32. Nxe3 Rxe3 33. Rxf8+ Kxf8 {[%mdl 4096] Endgame KR-KR} 34. Rb8+ Re8 {[#]} 35. Rb6 $1 a5 36. Ra6 Rb8 $2 (36... Rd8 37. b3 (37. Rxa5 Rxd6 38. Rb5 Ke7 $16) 37... h6) 37. Rxa5 Ke8 38. Rb5 Rxb5 $2 (38... Rd8 $18 39. a5 Rxd6) 39. axb5 {KP-KP. White mates.} Kd7 40. Kf2 Kxd6 {K3P-KPP} 41. Ke3 Kc5 42. Ke4 Kxb5 {KPP-KPP} 43. Ke5 Kb4 44. Ke6 Kb3 45. h4 h5 {[#]} 46. Kf5 $1 Kxb2 47. Kg6 Kc3 48. Kxh5 {Accuracy: White = 79%, Black = 33%.} 1-0

[Event "Chess House GM-Tourney 2019"]
[Site "Aarhus"]
[Date "2019.02.13"]
[Round "5.3"]
[White "Kotronias, Vasilios"]
[Black "Kollars, Dmitrij"]
[Result "1/2-1/2"]
[WhiteElo "2486"]
[BlackElo "2567"]
[Annotator "TA"]
[PlyCount "101"]
[EventDate "2019.02.09"]
[EventType "tourn"]
[EventCountry "DEN"]
[SourceTitle "playchess.com"]
[Source "ChessBase"]
[SourceQuality "1"]

{[%evp 18,101,25,0,-9,12,34,21,21,37,32,0,0,0,0,0,0,0,0,0,0,0,0,-9,-9,-9,-7,-28,-27,-18,-14,-7,0,0,0,0,18,14,14,18,15,18,22,0,0,0,0,0,0,0,0,0,0,0,0,0,0,0,0,0,0,0,0,0,0,0,0,0,0,0,0,0,0,0,0,0,0,0,0,0,0,0,0,0,0,0]} 1. e4 e5 2. Nf3 Nc6 3. Bb5 {[%cal Bf1b5,Bb5a4,Ba4c2,Bc2b3][%mdl 32]} a6 4. Ba4 Nf6 5. O-O Bc5 6. c3 b5 7. Bc2 d5 {C78: Ruy Lopez: Archangelsk and Möller Defences} 8. exd5 (8. d4 dxe4 9. Nxe5 Nxe5 10. dxc5 Qe7 11. Bxe4 Nxe4 12. Qd5 Nxc5 13. Qxa8 O-O 14. Be3 Ncd3 15. Nd2 {0-1 (28) Swiercz,D (2656)-Hammer,J (2662) Saint Louis 2018}) 8... Qxd5 9. d4 exd4 10. Re1+ {LiveBook: 9 Games} Be6 {With the idea ...0-0-0.} 11. Bb3 Qd6 12. Ng5 {[%mdl 1024] White has compensation.} Nd8 13. Qf3 O-O $146 ({Predecessor:} 13... Rb8 14. Bf4 Qd7 15. cxd4 Bxd4 {1-0 (25) Kujawa,W (1726)-Ruddat,J (1347) Berlin 2018}) 14. Bf4 Qb6 $1 15. Be5 $1 ({But not} 15. Qxa8 dxc3 16. Nxc3 Bxf2+ 17. Kh1 Bxb3 $17) 15... Bxb3 16. axb3 dxc3 17. Nxc3 Bxf2+ 18. Qxf2 Qxf2+ 19. Kxf2 {[#] aiming for Bxf6.} Ng4+ 20. Kg3 Nxe5 21. Rxe5 f6 $1 {[%csl LRe5,LRg5]} 22. Rxb5 {Hoping for Nf3.} Nf7 23. Rc5 Nxg5 {The position is equal.} 24. Rxc7 Rf7 25. Rc6 Rfa7 26. b4 Kf8 27. Rb6 Nf7 28. Ne4 Ne5 29. Nc5 {[%cal Ra1a6]} a5 30. b5 Nd7 $1 {[%cal Rd7b6]} 31. Rc6 Nxc5 32. Rxc5 $11 {[%mdl 4096] Endgame KRR-KRR} Rd7 33. Ra3 Rd4 34. Rcc3 Rb4 35. Rcb3 Rxb3+ 36. Rxb3 {KR-KR} Ke7 37. Ra3 Kd6 38. Ra4 Kc5 39. b4+ $1 Kxb5 40. Rxa5+ Rxa5 41. bxa5 Kxa5 {K3P-KPP} 42. Kf4 g6 {[#] Strongly threatening ...Kb4.} 43. Ke4 $1 {[%cal Re4d5] Threatens to win with Kd5.} Kb4 44. Kd5 {Ke6 is the strong threat.} Kc3 45. g4 Kd3 46. Ke6 Ke4 {White must now prevent ...f5.} 47. Kxf6 Kf4 48. Kg7 h5 49. Kxg6 Kxg4 50. h3+ Kxh3 51. Kxh5 {Precision: White = 78%, Black = 81%.} 1/2-1/2

[Event "Chess House GM-Tourney 2019"]
[Site "Aarhus"]
[Date "2019.02.13"]
[Round "5.4"]
[White "Thybo, Jesper Sondergaard"]
[Black "Olsen, Filip Boe"]
[Result "1-0"]
[WhiteElo "2517"]
[BlackElo "2397"]
[Annotator "TA"]
[PlyCount "59"]
[EventDate "2019.02.09"]
[EventType "tourn"]
[EventCountry "DEN"]
[SourceTitle "playchess.com"]
[Source "ChessBase"]
[SourceQuality "1"]

{[%evp 19,59,53,55,37,67,65,91,27,56,52,49,55,58,64,53,54,85,83,125,86,97,89,117,100,208,132,343,342,328,325,29989,943,29987,564,543,541,667,388,578,563,29979,29978]} 1. d4 d5 2. c4 e6 3. Nf3 Nf6 4. g3 Be7 5. Bg2 O-O 6. O-O dxc4 7. Ne5 Nc6 8. Nxc6 bxc6 9. Na3 Nd5 {E05: Open Catalan: 5 Nf3 Be7} (9... Bxa3 10. bxa3 Ba6 11. Qd2 Rb8 12. Qa5 Qc8 13. a4 Rd8 14. Ba3 Rxd4 15. Rfb1 Rxb1+ 16. Rxb1 h6 17. Bc5 Rd5 18. e4 Rd3 {0-1 (31) Nisipeanu,L (2674)-Huschenbeth,N (2586) Austria 2019}) 10. Nxc4 c5 {LiveBook: 8 Games} 11. Na5 Qd7 {White is slightly better.} 12. e4 Nb6 $146 {[#]} ({Predecessor:} 12... Nf6 13. d5 exd5 14. exd5 Ba6 15. Re1 Bd6 16. Qc2 Rfe8 17. Bd2 Qg4 18. Be3 Nd7 19. h3 Qh5 20. Nc4 Nb6 21. Na5 Nd7 22. Nc4 {½-½ (22) Pountzas,H (2058)-Nikolaidis,K (2227) Nikaia 2017}) 13. d5 ({White should try} 13. dxc5 $1 $16 Bxc5 14. Qc2) 13... Ba6 14. Re1 exd5 15. exd5 Bf6 16. Rb1 Rfe8 {Threatens to win with ...Rxe1+.} 17. Be3 $1 Qb5 18. Qd2 c4 {aiming for ...c3!} 19. Nc6 Bb7 20. Bf4 Rxe1+ 21. Rxe1 Bxb2 {[#]} (21... h6 $16 {was worth a try.}) 22. Nxa7 $1 {[%mdl 512]} Qa4 $2 ({Don't go for} 22... Rxa7 $2 {[#]} 23. Qxb2 $1 {[%mdl 512]} Ba6 24. Qe2 $18) (22... c3 $16 23. Nxb5 cxd2 24. Bxd2 h6) 23. Qxb2 $18 Qxa7 24. Qb5 ({Weaker is} 24. Bxc7 Nxd5 25. Be5 f6 $16) 24... h6 $2 (24... Qa4 $18 25. Qxa4 Nxa4) 25. Bxc7 (25. Re8+ $142 Kh7 26. Qb1+ g6 27. Re7 Kg8 28. Rxc7 Qa6 29. Bxh6 Qxa2 30. Qxa2 Rxa2 31. Rxb7 Ra1+ 32. Bf1 Nxd5 33. Kg2) 25... Nxd5 26. Bxd5 (26. Re8+ $142 Kh7 27. Be4+ g6 28. Qd7 Qxf2+ 29. Kxf2 Rxa2+ 30. Kg1 Ra1+ 31. Kg2) 26... Bxd5 27. Qxd5 Qxa2 28. Be5 Rc8 (28... Qa5 {was called for.} 29. Qxa5 Rxa5) 29. Qd4 {White threatens Qg4 and mate.} f6 {[#]} 30. Bxf6 $1 {Precision: White = 57%, Black = 17%.} 1-0

[Event "Chess House GM-Tourney 2019"]
[Site "Aarhus"]
[Date "2019.02.13"]
[Round "5.5"]
[White "Zumsande, Martin"]
[Black "Bach, Matthias"]
[Result "0-1"]
[WhiteElo "2492"]
[BlackElo "2307"]
[Annotator "TA"]
[PlyCount "90"]
[EventDate "2019.02.09"]
[EventType "tourn"]
[EventCountry "DEN"]
[SourceTitle "playchess.com"]
[Source "ChessBase"]
[SourceQuality "1"]

{[%evp 19,90,8,8,6,12,11,11,12,13,13,13,11,19,13,13,12,14,14,15,15,19,16,22,0,0,0,0,0,0,0,0,0,12,-22,-26,-64,-87,-272,-261,-262,-251,-247,-244,-254,-215,-283,-281,-405,-395,-400,-402,-399,-406,-450,-434,-459,-457,-456,-443,-560,-564,-543,-493,-511,-468,-534,-504,-12557,-6702,-6574,-6506,-995,-987]} 1. e4 d6 2. d4 Nf6 3. Nc3 g6 4. f4 Bg7 5. Nf3 c5 6. Bb5+ Bd7 7. e5 Ng4 8. Bxd7+ Qxd7 9. d5 dxe5 10. h3 e4 $1 {[%cal Re4f3]} 11. hxg4 {B09: Pirc Defence: Austrian Attack} (11. Nxe4 Nf6 12. Nxf6+ Bxf6 13. O-O O-O 14. c4 e6 15. Be3 exd5 16. cxd5 Rd8 17. Qc2 Na6 18. Rad1 Nb4 19. Qxc5 Nxd5 20. Bd4 Rac8 21. Qa3 Qf5 22. Bxf6 Qxf6 23. Qxa7 Nxf4 24. Rxd8+ Rxd8 {½-½ (51) Mamedov,R (2704)-Carlsen,M (2843) Shamkir 2018}) 11... exf3 12. Qxf3 Na6 13. Bd2 {The position is equal.} O-O-O 14. O-O-O Nc7 15. Be1 f5 16. gxf5 Qxf5 17. g4 Qf7 18. Bg3 {With the idea f5.} h5 19. f5 $146 hxg4 $1 20. Qf4 {[%csl Gg3][%cal Rf4c7] [#]} Na6 {And now ...Rxh1 would win.} 21. Nb5 (21. fxg6 {feels hotter.} Qxg6 22. Rxh8 Rxh8 23. Kb1 Rf8 24. Qe3) 21... Rxd5 {Strongly threatening ...Rxh1.} 22. Rxh8+ Bxh8 23. Rxd5 Qxd5 24. fxg6 {Threatens to win with Qf8+.} Qh1+ 25. Kd2 Qd5+ 26. Ke2 Qe6+ 27. Kf2 {Hoping for Qf8+.} Qxg6 28. Qf8+ $2 (28. Nxa7+ $17 {might work better.} Kd7 29. Qa4+ Kd8 30. c3) 28... Kd7 $19 29. Qxh8 Qxc2+ 30. Ke3 Qc1+ 31. Ke4 Qc4+ 32. Kf5 Qxb5 33. Kxg4 (33. Qe5 $142 Qc4 34. a3) 33... Qa4+ 34. Kh3 Qxa2 35. Kh2 Qd5 36. Qh3+ Kc6 {Black is clearly winning.} 37. Qh6+ e6 38. Qh8 Kb6 39. Qc3 Nb4 40. Be1 Qh5+ 41. Kg1 Qg6+ 42. Bg3 Qb1+ 43. Be1 (43. Kh2 $142) 43... Nd3 {[%mdl 64] [#] Double Attack} 44. Qa5+ Kc6 45. Qa4+ Kd6 {Accuracy: White = 46%, Black = 86%.} 0-1

[Event "Chess House GM-Tourney 2019"]
[Site "Aarhus"]
[Date "2019.02.14"]
[Round "6.1"]
[White "Grivas, Efstratios"]
[Black "Bjerre, Jonas Buhl"]
[Result "1/2-1/2"]
[WhiteElo "2413"]
[BlackElo "2432"]
[Annotator "TA"]
[PlyCount "93"]
[EventDate "2019.02.09"]
[EventType "tourn"]
[EventCountry "DEN"]
[SourceTitle "playchess.com"]
[Source "ChessBase"]
[SourceQuality "1"]

{[%evp 11,93,2,21,0,5,4,6,6,10,0,3,-12,14,-2,7,-26,-26,-29,-25,-40,-42,-79,-31,-23,-18,-58,-16,-47,-34,-38,0,-7,-18,-58,-6,-50,-53,-96,-74,-68,-49,-82,-79,-40,-65,-93,-32,-354,-364,-369,-398,-340,-433,-414,-416,-333,-436,-440,-457,-384,-384,-404,-443,-443,-54,-40,0,0,0,0,0,-225,-225,-225,-225,-225,-225,-162,-162,-162,-162,-74,0,0]} 1. c4 c5 2. Nf3 Nc6 3. g3 g6 4. Bg2 Bg7 5. O-O d6 6. Nc3 Bf5 7. h3 {A37: Symmetrical English vs ...g6: 4 Bg2 Bg7 5 Nf3} Qc8 8. Kh2 Nf6 9. d3 O-O 10. Rb1 $146 ({Predecessor:} 10. e4 Bd7 11. Be3 a6 12. Rc1 Rb8 13. Nd5 Qd8 14. b3 e6 {0-1 (31) Svidler,P (2765)-Dubov,D (2683) St Petersburg 2017}) 10... Rb8 11. b3 a6 12. Bb2 b5 13. e4 Bd7 14. Nd5 e5 15. Nd2 Nxd5 16. cxd5 Nd4 17. f4 f5 18. Nf3 Nxf3+ 19. Qxf3 fxe4 20. dxe4 Qe8 21. Qe3 Qe7 22. Rf2 Rf7 (22... b4 $15) 23. Rbf1 (23. b4 $5) 23... Rbf8 24. Qe2 b4 {White must now prevent ...Bb5.} 25. fxe5 Rxf2 26. Rxf2 Rxf2 27. Qxf2 {Hoping for exd6.} Bxe5 28. Bc1 Qf7 ({Better is} 28... a5 $17) 29. Kg1 $2 {[%mdl 8192]} (29. Qxf7+ $15 Kxf7 30. Bf1) 29... Bd4 $19 30. Be3 {[#]} Qxf2+ $1 31. Kxf2 Bxe3+ 32. Kxe3 {[%mdl 4096] Endgame KB-KB} Kf7 33. Kf4 Kf6 34. h4 h6 35. Bf3 g5+ 36. hxg5+ hxg5+ 37. Ke3 Bb5 $2 ({Black should play} 37... a5 $19 38. Bd1 Ke5) 38. Be2 $1 $15 Ke5 39. Bd3 $1 g4 40. Bc2 Bf1 {With the idea ...c4.} 41. Bd3 $2 (41. Kf2 $1 $11 {and White is okay.} Bh3 42. Ke3) 41... Bg2 $19 42. Bc2 a5 43. Bd3 Bf3 44. Bc2 Bh1 45. Bd3 Bg2 46. Bc2 {[#]} Bf1 (46... c4 $1 $17 {[%mdl 512]} 47. bxc4 Bf3) 47. Bd3 {Accuracy: White = 45%, Black = 51%.} 1/2-1/2

[Event "Chess House GM-Tourney 2019"]
[Site "Aarhus"]
[Date "2019.02.14"]
[Round "6.2"]
[White "Bach, Matthias"]
[Black "Ochsner, Bjorn Moller"]
[Result "0-1"]
[WhiteElo "2307"]
[BlackElo "2476"]
[Annotator "TA"]
[PlyCount "80"]
[EventDate "2019.02.09"]
[EventType "tourn"]
[EventCountry "DEN"]
[SourceTitle "playchess.com"]
[Source "ChessBase"]
[SourceQuality "1"]

{[%evp 9,80,4,28,34,45,25,52,58,54,41,0,0,0,-6,-11,-43,-38,-50,-32,-25,-35,-41,-15,0,7,0,16,10,10,9,4,26,54,-32,-40,-58,41,44,20,-10,-21,-33,-37,-95,-97,-90,-92,-307,-289,-286,-288,-293,-283,-358,-369,-318,-275,-214,-218,-214,-191,-332,-343,-340,-139,-102,8,-45,-1,-554,0,-1662,-943]} 1. d4 Nf6 2. c4 e6 3. Nc3 Bb4 4. Bg5 h6 5. Bh4 g5 (5... c5 6. d5 Bxc3+ 7. bxc3 d6 8. Nf3 e5 9. Qc2 Nbd7 10. Nd2 Nf8 11. f3 Qe7 12. e3 Ng6 13. Bg3 e4 14. Nxe4 Nxe4 15. Qxe4 Qxe4 16. fxe4 {½-½ (27) Ivanchuk,V (2704)-Wang,Y (2720) Beijing 2014}) 6. Bg3 {E30: Nimzo-Indian: Leningrad Variation} h5 7. f3 h4 8. Bf2 $1 {White is slightly better.} d5 9. a3 Bxc3+ $1 10. bxc3 Nc6 $36 {[%mdl 2048] Black is more active.} 11. e3 Qe7 12. Qc2 $146 ({Predecessor:} 12. cxd5 exd5 13. Bb5 {0-1 (37) Pomes Marcet,J (2338)-Vidal Zamora,A (2361) Barcelona 2017}) 12... Bd7 13. Bd3 Na5 14. cxd5 exd5 15. h3 O-O-O 16. Ne2 Rde8 17. O-O Kb8 18. c4 dxc4 19. Bxc4 g4 20. fxg4 {Strongly threatening Bd3.} ({Much worse is} 20. hxg4 h3 $17) 20... Ne4 21. Rad1 (21. Ba2 $14) 21... Nxc4 $15 22. Qxc4 Nxf2 ({Better is} 22... f5 $15 23. gxf5 Rhf8) 23. Rxf2 $14 Qxe3 24. Nf4 Qxa3 25. Qxf7 Qa4 26. Rdf1 (26. Rc1 $15) 26... Qxd4 $17 {Hoping for ...Rhf8.} 27. Ng6 Rhg8 {And now ...Bb5 would win.} 28. Nxh4 $2 (28. Qf6 $17 Qc5 29. Rd1) 28... Rgf8 $1 $19 {[%cal Rf8f7]} 29. Qa2 Bb5 30. Nf3 {[#]} Qc5 $1 ({Worse is} 30... Rxf3 31. gxf3 Bxf1 32. Kxf1 $11) 31. Re1 Rxe1+ 32. Nxe1 {[#]} a5 $1 {[%cal Ba7a5,Ba5a4,Ba4a3][%mdl 544]} 33. Nf3 (33. Qxa5 Qxf2+) 33... a4 34. Qc2 Qb4 35. g5 (35. Qc1 {keeps fighting.}) 35... a3 36. g6 Ba4 (36... Bc4 $19 {is more deadly.} 37. Qe4 Qc5) 37. Qd3 $17 Qb3 ({Black should play} 37... Bb3 $17 {aiming for ...a2.} 38. g7 Rc8) 38. Qd2 (38. g7 $11 Re8 39. Qd2) 38... Qb1+ {[%mdl 64] Double Attack} 39. Ne1 $2 {[%mdl 8192]} (39. Kh2 $1 $11 {and White stays safe.} Qxg6 40. Qb4 Qd6+ 41. Qxd6 cxd6 42. Ra2) 39... Rxf2 $2 (39... Rc8 $19 {Threatens to win with ...Bb3.} 40. Kh2 Bb3) 40. Qxf2 $4 {[%mdl 8192]} (40. Qd8+ $11 Ka7 41. Qd4+ {[%mdl 64] Double Attack} Qb6 42. Qxa4+ {[%mdl 64] Double Attack} Kb8 43. Qe8+ Ka7 44. Qa4+ {[%mdl 64] Double Attack} Kb8 45. Qe8+ Ka7 46. Qa4+ {[%mdl 64] Double Attack}) 40... Qxg6 {Accuracy: White = 31%, Black = 49%.} 0-1

[Event "Chess House GM-Tourney 2019"]
[Site "Aarhus"]
[Date "2019.02.14"]
[Round "6.3"]
[White "Thybo, Jesper Sondergaard"]
[Black "Kotronias, Vasilios"]
[Result "1-0"]
[WhiteElo "2517"]
[BlackElo "2486"]
[Annotator "TA"]
[PlyCount "73"]
[EventDate "2019.02.09"]
[EventType "tourn"]
[EventCountry "DEN"]
[SourceTitle "playchess.com"]
[Source "ChessBase"]
[SourceQuality "1"]

{[%evp 12,73,40,43,53,45,51,44,47,44,50,52,58,52,54,44,48,45,48,30,25,23,22,22,22,22,22,22,31,27,24,0,0,0,0,0,0,14,14,14,21,16,8,0,2,0,0,0,0,0,0,0,147,140,137,113,229,216,605,573,2167,1977,1767,1589]} 1. d4 Nf6 2. c4 g6 3. Nc3 Bg7 4. e4 d6 5. h3 O-O 6. Be3 c5 7. Nf3 Qa5 {[#] Strongly threatening ...Nxe4. E90: King's Indian: Classical: Early deviations and 6 h3} 8. Bd3 Nfd7 9. Be2 cxd4 {White is slightly better.} 10. Nxd4 Nc6 11. O-O Qd8 $146 ({Predecessor:} 11... Nxd4 12. Bxd4 Bxd4 13. Qxd4 Qc5 14. Qd2 Nf6 15. Rfe1 {½-½ (105) Rodshtein,M (2695)-Pichot,A (2565) Douglas 2017}) 12. Qd2 Nc5 13. Rad1 {Threatens to win with Nxc6.} Bd7 14. f4 Na4 15. Nxa4 Nxd4 $1 16. Bxd4 Bxd4+ 17. Qxd4 Bxa4 18. b3 Bc6 19. e5 dxe5 20. Qxe5 Qb6+ 21. Kh2 Rad8 22. f5 Rxd1 23. Bxd1 Qd8 24. Bf3 Bxf3 25. Rxf3 $11 {[%mdl 4096] Endgame KQR-KQR} Qd7 26. Re3 $36 {[%mdl 2048] Black is under pressure.} Re8 $1 27. f6 {[%cal Rf6e7]} e6 28. c5 Rd8 29. Qf4 {White threatens Qh6 and mate.} Qd4 30. Qxd4 Rxd4 {KR-KR} 31. Rc3 Rf4 {[#]} (31... g5 $11) 32. Rd3 $1 $16 {[%cal Rd3d8]} Rxf6 33. Rd7 e5 (33... Rf5 $16) 34. Rxb7 $18 Ra6 $2 (34... Kf8 35. Rxa7 e4) 35. b4 {[%cal Bb3b4,Bb4b5][%mdl 32] White is clearly winning.} Kg7 36. b5 Rxa2 37. c6 {Accuracy: White = 88%, Black = 58%.} 1-0